000 00820cab a2200241 4500
001 ABS47754
008 090401t1992 xxu||||| |||| 00| 0 eng d
035 _a(Sirsi) u63332
041 _aeng
100 _aGates, J.
245 _aNew Timeshare Act hits its target
260 _c1992
350 _a0
490 _aCSW - The Property Week
_v41(10), 3 December 1992, 16(1)
520 _aReviews the effect of the Timeshare Act on the market. The Timeshare Council claims that complaints from the public have dropped by approximately 80% since the 14-day cooling-off period was instigated.
650 _aCONSUMER CREDIT AGREEMENTS
650 _aCOOLING OFF PERIODS
650 _aTIMESHARE ACT 1992
650 _aTIMESHARE COUNCIL
690 _aPROPERTY LAW AND PRACTICE
942 _n0
948 _c04/03/1997
999 _c39377
_d39377